Veterinarios en las universidades de la Alcaldía Mayor de Sayaz-Gipuzkoa (1913-1982) / (Record no. 183714)

MARC details
000 -LEADER
campo de control de longitud fija 00777nam a2200205 i 4500
001 - NÚMERO DE CONTROL
campo de control 183714
003 - IDENTIFICADOR DE NÚMERO DE CONTROL
campo de control ES-MaACL
005 - FECHA Y HORA DE LA ÚLTIMA TRANSACCIÓN
campo de control 20230906221946.0
008 - DATOS DE LONGITUD FIJA--INFORMACIÓN GENERAL
campo de control de longitud fija 141002s2014 sp a |||| |dspa d
020 ## - NÚMERO INTERNACIONAL ESTÁNDAR DEL LIBRO
Número Internacional Estándar del Libro 978-84-697-1110-1
100 1# - ENTRADA PRINCIPAL--NOMBRE DE PERSONA
Nombre de persona Etxaniz Makazaga, José-Manuel.
9 (RLIN) 137731
245 10 - MENCIÓN DEL TÍTULO
Título Veterinarios en las universidades de la Alcaldía Mayor de Sayaz-Gipuzkoa (1913-1982) /
Mención de responsabilidad, etc. José Manuel Etxaniz Makazaga.
260 ## - PUBLICACIÓN, DISTRIBUCIÓN, ETC.
Lugar de publicación, distribución, etc. Donostia-San Sebastián :
Nombre del editor, distribuidor, etc. Colegio Oficial de Veterinarios de Gipuzkoa,
Fecha de publicación, distribución, etc. 2014.
300 ## - DESCRIPCIÓN FÍSICA
Extensión 84 p. :
Otras características físicas il. ;
Dimensiones 21 cm.
504 ## - NOTA DE BIBLIOGRAFÍA, ETC.
Nota de bibliografía, etc. Bibliografía: p. 83.
594 ## - Nota al título y mención de responsabilidad
Nota al título y mención de responsabilidad Tít. tomado de la cub.
650 #4 - PUNTO DE ACCESO ADICIONAL DE MATERIA--TÉRMINO DE MATERIA
Término de materia o nombre geográfico como elemento de entrada Veterinarios-
Subdivisión geográfica Guipúzcoa.
9 (RLIN) 138775
710 2# - ENTRADA AGREGADA--NOMBRE DE ENTIDAD CORPORATIVA
Nombre de entidad corporativa o nombre de jurisdicción como elemento de entrada Colegio Oficial de Veterinarios de Gipuzkoa.
9 (RLIN) 138774
852 ## - LOCALIZACIÓN
Ubicación ES-MaACL
Número de control de estantería 2120-F-19
Holdings
Estatus retirado Estado de pérdida Estado de daño No para préstamo Colección Biblioteca de origen Biblioteca actual Ubicación en estantería Fecha de adquisición Fuente de adquisición Total de préstamos Signatura topográfica completa Código de barras Visto por última vez Precio de reemplazo Tipo de ítem Koha
        Colección de folletos Biblioteca del Ateneo de Madrid Biblioteca del Ateneo de Madrid Depósito folletos 02/10/2014     2120-F-19 1193145 23/02/2023 23/02/2023 Folleto